书目信息 |
| 题名: |
卡耐基成功全集
|
|
| 作者: | 罗锐韧 主编 | |
| 分册: | 第一卷 卡耐基其人 | |
| 出版信息: | 北京 企业管理出版社 1998 |
|
| 页数: | 510页 | |
| 开本: | 26cm | |
| 丛书名: | ||
| 单 册: | ||
| 中图分类: | C912.1 , B848.4 | |
| 科图分类: | ||
| 主题词: | 成功心理 , 心理交往 , 个性心理学 , 人格心理学 | |
| 电子资源: | ||
| ISBN: | 7-80147-055-9 | |
| 000 | 00811nam0 2200289 450 | |
| 001 | 1233305250 | |
| 005 | 20120929162949.98 | |
| 010 | @a7-80147-055-9@dCNY29.80(合计:CNY149) | |
| 100 | @a20021005d1998 em y0chiy0110 ea | |
| 101 | 0 | @achi |
| 102 | @aCN@b110000 | |
| 105 | @ay z 000yy | |
| 106 | @ar | |
| 200 | 1 | @a卡耐基成功全集@Aka nai ji cheng gong quan ji@h第一卷@i卡耐基其人@f罗锐韧主编 |
| 210 | @a北京@c企业管理出版社@d1998 | |
| 215 | @a510页@d26cm | |
| 510 | 1 | @aAndrew Carnegie@zeng |
| 517 | 1 | @a卡耐基其人@Aka nai ji qi ren |
| 606 | 0 | @a成功心理 |
| 606 | 0 | @a心理交往 |
| 606 | 0 | @a个性心理学 |
| 606 | 0 | @a人格心理学 |
| 690 | @aC912.1@v3 | |
| 690 | @aB848.4@v4 | |
| 701 | 0 | @a罗锐韧@Aluo rui ren@4主编 |
| 801 | 0 | @aCN@bNLC@c19990512 |
| 905 | @a10447@dB848.4@eJY89:1 | |
| 卡耐基成功全集.第一卷.卡耐基其人/罗锐韧主编 .-北京:企业管理出版社,1998 |
| 510页;26cm |
| ISBN 7-80147-055-9:CNY29.80(合计:CNY149) |
| ● |
| 相关链接 |
|
|
|
|
正题名:卡耐基成功全集
索取号:B848.4/JY89:1
 
预约/预借
| 序号 | 登录号 | 条形码 | 馆藏地/架位号 | 状态 | 备注 |
| 1 | 7830279 | 278302793 | 学院路分馆/ [索取号:B848.4/JY89:1] | 在馆 | |
| 2 | 7830280 | 278302800 | 学院路分馆/ [索取号:B848.4/JY89:1] | 在馆 | |
| 3 | 7830281 | 278302819 | 学院路分馆/ [索取号:B848.4/JY89:1] | 在馆 | |
| 4 | 7830282 | 278302828 | 学院路分馆/ [索取号:B848.4/JY89:1] | 在馆 |